000 00646cab a2200241 4500
001 X111
008 090401t1992 xxu||||| |||| 00| 0 eng d
035 _a(Sirsi) u64005
041 _aeng
100 _aRussell, J.S.
245 _aContractor prequalification data for construction owners
260 _c1992
350 _a0
490 _aConstruction Management & Economics
_v10(2) March 1992, 117-135(10)
650 _aCONTRACTOR PREQUALIFICATION
650 _aDECISION MAKING
650 _aDECISIONS
690 _aBUILT ENVIRONMENT
700 _aHancher, D.E.
700 _aSkibneiwski, M.J.
942 _n0
948 _c04/03/1997
999 _c39833
_d39833